Statistics for Union Jack Flags

Click here to take the quiz!

General Stats

  • This quiz has been taken 35 times
  • The average score is 5 of 5

Answer Stats

Answer% Correct
Australia
100%
United Kingdom
100%
New Zealand
97%
Fiji
90%
Tuvalu
81%

Score Distribution

Percentile by Number Answered

Percent of People with Each Score

Your Score History

You have not taken this quiz